Datum a čas kvízu
26
Celkem bodů
Celkový počet nahraných bodů na tomto kvízu bez doplňovacích otázek.
6.
Pořadí na kvízu
Konečné umístění týmu na tomto kvízu.
Zaznamenané odpovědi
| # | Otázka | Odpověď | Body | Výsledky |
|---|---|---|---|---|
| 1. | Starosta jedné městské části T... | v Brně | 0 | |
| 2. | Koncem týdne jsme se dozvěděli... | Skype | 1 | |
| 3. | Na jezeře v Mostě padl minulý... | C) otužovaly se | 1 | |
| 4. | Jak se nazývá nová platforma,... | Oneplay | 1 | |
| 5. | Jeden známý fotbalista dostal... | Lionel Messi | 1 | |
| 6. | Které souostroví se v češtině... | Kapverdy | 0 | |
| 7. | V jistém městě v Královéhradec... | Červený Kostelec | 0 | |
| 8. | Která známá historická osobnos... | Adolf Hitler | 1 | |
| 9. | Jak se jmenuje prales na hrani... | Bělověžský prales | 0 | |
| 10. | Jak se nazývá německé pohoří,... | Černý les (Schwarzwald) | 0 |